|
|
|
|
| LEADER |
01085nam a2200265 u 4500 |
| 001 |
10041764 |
| 003 |
upatras |
| 005 |
20210117195948.0 |
| 008 |
011121s1985 gr eng |
| 040 |
|
|
|a GR-PaULI
|c GR-PaULI
|
| 041 |
0 |
|
|a eng
|
| 082 |
0 |
4 |
|a 304.609 495
|
| 100 |
1 |
|
|a Σορόκος, Ευστάθιος
|9 30954
|
| 245 |
1 |
0 |
|a La morphologie sociale du Piree a travers son evolution
|c par Eustache P. Sorocos
|
| 260 |
|
|
|a Athens
|b Centre Nationale des Recherhes Sociales
|c 1985
|
| 300 |
|
|
|a 275 p.
|b tab., fig.
|c 25 cm.
|
| 504 |
|
|
|a Includes bibliography
|
| 650 |
|
4 |
|a Δημογραφία
|z Ελλάδα
|9 16755
|
| 650 |
|
4 |
|a Δημογραφική έρευνα
|z Ελλάδα
|9 16692
|
| 852 |
B |
B |
|a GR-PaULI
|b ΠΑΤΡΑ
|b ΦΥΣΙΚΟ
|b ΣΔΣ
|k ΣΔΣ
|h 304.609 495 Σ
|m 067715
|p 025000086134
|t 1
|
| 942 |
|
|
|2 ddc
|
| 952 |
|
|
|0 0
|1 0
|4 0
|6 304_609000000000000_495_Σ
|7 0
|9 29393
|a PHYS
|b PHYS
|c BSC
|d 2016-04-24
|i 067715
|l 0
|o 304.609 495 Σ
|p 025000086134
|r 2016-04-24 00:00:00
|t 1
|w 2016-04-24
|
| 998 |
|
|
|c ΣΑΤΛΑΝΗΣ
|d 2001-11
|
| 998 |
|
|
|c ΠΑΝΑΓΟΠΟΥΛΟΥ
|d 2001-11
|
| 999 |
|
|
|c 18750
|d 18750
|